00839nam a2200229 a 450000100060000000300080000600500170001400800410003102000150007203500190008704000320010604100080013808200250014611000450017124501630021626000540037930000330043365000250046665100260049170000230051770000690054058557BD-RJUL20211209080632.0161219s1969 enka 000 0 eng d a0269026177 a(BD-RJUL)58681 aPAUcPAUdm.cdBD-RJULbeng aeng 223a338.91bPAR 19702 aCommission on International Development.10aPartners in development :breport of the Commission on International Development /cChairman: Lester B. Pearson ; Commissioners: Sir Edward Boyle ... [et al.] aLondon :bPall Mall Press,cc1969 [printing 1970] axvi, 399 p. :bill ;c21 cm. 0aEconomic assistance. 0aDeveloping countries.1 aPearson, Lester B.1 aBoyle, Edward Charles Gurney,cBaron Boyle of Handsworth,d1923-